00000000nam 2200000zi 4500
0019.947168
003CaOODSP
00520250121091710
006m     o  d f      
007cr bn|||||||||
008250121s2000    onc     ofu  f000 0 eng d
020 |z0660180693
040 |aCaOODSP|beng|erda|cCaOODSP
043 |an-cn---
0861 |aNR36-1/1995-9E-PDF|zNR36-1/1995-9E
24500|aUser's Guide - NBC 1995 : |bapplication of Part 9 to existing buildings / |cissued by the Canadian Commission on Building and Fire Codes.
24613|aUser's guide - National Building Code of Canada 1995 : |bapplication of Part 9 to existing buildings
250 |aFirst edition, first printing.
264 1|aOttawa : |bNational Research Council of Canada, |c2000.
300 |a1 online resource (1 volume (various pagings))
336 |atext|btxt|2rdacontent
337 |acomputer|bc|2rdamedia
338 |aonline resource|bcr|2rdacarrier
500 |aCover title.
500 |aThe catalogue number (NR36-1/1995-9E) and ISBN (0660180693) for the print edition have been copied in this electronic publication.
500 |aIssued also in French under title: Guide de l'utilisateur - CNB 1995 : application de la partie 9 aux bâtiments existants.
520 |a"This publication is comprised of an introduction, two chapters, and an appendix. The introduction identifies the basic challenges in trying to apply part 9 of the NBC to existing buildings, and describes what information is provided in the subsequent chapters and appendix"--Page vi.
650 0|aBuilding laws|zCanada.
650 0|aBuildings|xStandards|zCanada.
650 0|aBuildings|xRepair and reconstruction|zCanada|vHandbooks, manuals, etc.
655 7|aHandbooks and manuals|2lcgft
7102 |aCanadian Commission on Building and Fire Codes, |eissuing body.
77508|tGuide de l'utilisateur - CNB 1995 : |w(CaOODSP)9.947169
85640|qPDF|s672 KB|uhttps://publications.gc.ca/collections/collection_2025/cnrc-nrc/NR36-1-1995-9-eng.pdf
986 |a43963